Ecological studies in Wadi Feiran its tributaries and the adjacent mountains / (رقم التسجيلة. 38552)
[ عرض عادي ]
| 000 -LEADER | |
|---|---|
| fixed length control field | 01253cam a2200301 a 4500 |
| 003 - CONTROL NUMBER IDENTIFIER | |
| control field | EG-GiCUC |
| 005 - DATE AND TIME OF LATEST TRANSACTION | |
| control field | 20250223030624.0 |
| 008 - FIXED-LENGTH DATA ELEMENTS--GENERAL INFORMATION | |
| fixed length control field | 120519s1988 ua dbo f m 000 0 eng d |
| 040 ## - CATALOGING SOURCE | |
| Original cataloging agency | EG-GiCUC |
| Language of cataloging | eng |
| Transcribing agency | EG-GiCUC |
| 041 0# - LANGUAGE CODE | |
| Language code of text/sound track or separate title | eng |
| 049 ## - LOCAL HOLDINGS (OCLC) | |
| Holding library | Gift |
| 097 ## - Thesis Degree | |
| Thesis Level | Ph.D |
| 099 ## - LOCAL FREE-TEXT CALL NUMBER (OCLC) | |
| Classification number | Cai01.34.Ph.D.1988.Ad.E |
| 100 0# - MAIN ENTRY--PERSONAL NAME | |
| Personal name | Adel Alashmawi Ahmed Ramadan |
| 245 10 - TITLE STATEMENT | |
| Title | Ecological studies in Wadi Feiran its tributaries and the adjacent mountains / |
| Statement of responsibility, etc. | Adel Alashmawi Ahmed Ramadan ; Supervised Kamal H. Batanouny , Marinus J. A. Werger , Fredrikus J. A. Daniels |
| 246 15 - VARYING FORM OF TITLE | |
| Title proper/short title | دراسات بيئية فى وادى فيران وروافده والجبال المتاخمة له |
| 260 ## - PUBLICATION, DISTRIBUTION, ETC. | |
| Place of publication, distribution, etc. | Ismailia : |
| Name of publisher, distributor, etc. | Adel Alashmawi Ahmed Ramadan , |
| Date of publication, distribution, etc. | 1988 |
| 300 ## - PHYSICAL DESCRIPTION | |
| Extent | 307 P. : |
| Other physical details | charts , maps , photographs ; |
| Dimensions | 30cm |
| 500 ## - GENERAL NOTE | |
| General note | Gift from Pro.Dr.Kamal H. Batanouny |
| 502 ## - DISSERTATION NOTE | |
| Dissertation note | Thesis (Ph.D.) - Suez Canal University - Faculty of Science - Department of Botany |
| 700 0# - ADDED ENTRY--PERSONAL NAME | |
| Personal name | Fredrikus J. A. Daniels , |
| Relator term | |
| 700 0# - ADDED ENTRY--PERSONAL NAME | |
| Personal name | Kamal Eldin Hassan Batanouny , |
| Relator term | |
| 700 0# - ADDED ENTRY--PERSONAL NAME | |
| Personal name | Marinus J. A. Werger , |
| Relator term | |
| 856 ## - ELECTRONIC LOCATION AND ACCESS | |
| Uniform Resource Identifier | <a href="http://172.23.153.220/th.pdf">http://172.23.153.220/th.pdf</a> |
| 905 ## - LOCAL DATA ELEMENT E, LDE (RLIN) | |
| Cataloger | Nazla |
| Reviser | Revisor |
| 905 ## - LOCAL DATA ELEMENT E, LDE (RLIN) | |
| Cataloger | Soheir |
| Reviser | Cataloger |
| 942 ## - ADDED ENTRY ELEMENTS (KOHA) | |
| Source of classification or shelving scheme | Dewey Decimal Classification |
| Koha item type | Thesis |
| Source of classification or shelving scheme | Not for loan | Home library | Current library | Date acquired | Full call number | Barcode | Date last seen | Koha item type |
|---|---|---|---|---|---|---|---|---|
| Dewey Decimal Classification | المكتبة المركزبة الجديدة - جامعة القاهرة | قاعة المكتبات المهداة - الدور الرابع | 11.02.2024 | Cai01.34.Ph.D.1988.Ad.E | 01010110048939000 | 23.06.2024 | Thesis |